000 00238nam a22001217a 4500
003 SGT
082 _a340,CHA
100 _aCHARI, S.A.
245 _aMANUAL OF WORK MENS COMPENSATION
260 _c2009
300 _a349
942 _2ddc
_cBK
999 _c11407
_d11407